书目信息 |
| 题名: |
遍地绽放的阳光
|
|
| 作者: | 韦如辉 著 | |
| 分册: | ||
| 出版信息: | 南昌 百花洲文艺出版社 2020.09 |
|
| 页数: | 232页 | |
| 开本: | 22cm | |
| 丛书名: | ||
| 单 册: | ||
| 中图分类: | I247.82 | |
| 科图分类: | ||
| 主题词: | 小小说--小说集--中国--当代 | |
| 电子资源: | ||
| ISBN: | 978-7-5500-3380-1 | |
| 000 | 00953nam0 2200229 450 | |
| 001 | 0102100443 | |
| 005 | 20210402100825.0 | |
| 010 | @a978-7-5500-3380-1@dCNY58.00 | |
| 100 | @a20190918d2020 em y0chiy0110 ea | |
| 101 | 0 | @achi |
| 102 | @aCN@b360000 | |
| 105 | @ay z 000yy | |
| 106 | @ar | |
| 200 | 1 | @a遍地绽放的阳光@Abian di zhan fang de yang guang@f韦如辉著 |
| 210 | @a南昌@c百花洲文艺出版社@d2020.09 | |
| 215 | @a232页@d22cm | |
| 330 | @a《遍地绽放的阳光》是一本微型小说集,全书共收录作品约90篇,共分为四部分。第一部分:大道至简,每一个故事都讲述一个道理;第二部分:情真意切,亲情、友情、人间真情诠释人间大爱无疆;第三部分:喜怒哀乐,市井人物和社会名流,刻画得入木三分;第四部分:啼笑皆非,生活中有诸多的是非恩怨,也有太多的遗闻轶事,皆给读者留下太多的惊喜和遗憾。 | |
| 606 | 0 | @a小小说@x小说集@y中国@z当代 |
| 690 | @aI247.82@v5 | |
| 701 | 0 | @a韦如辉@Awei ru hui@4著 |
| 801 | 0 | @aCN@bBJSZM@c20210402 |
| 905 | @b1279418-22@dI247.82@e1014@f5 | |
| 遍地绽放的阳光/韦如辉著.-南昌:百花洲文艺出版社,2020.09 |
| 232页;22cm |
| ISBN 978-7-5500-3380-1:CNY58.00 |
| 《遍地绽放的阳光》是一本微型小说集,全书共收录作品约90篇,共分为四部分。第一部分:大道至简,每一个故事都讲述一个道理;第二部分:情真意切,亲情、友情、人间真情诠释人间大爱无疆;第三部分:喜怒哀乐,市井人物和社会名流,刻画得入木三分;第四部分:啼笑皆非,生活中有诸多的是非恩怨,也有太多的遗闻轶事,皆给读者留下太多的惊喜和遗憾。 |
| ● |
| 相关链接 |
|
|
|
|
正题名:遍地绽放的阳光
索取号:I247.82/1014
 
预约/预借
| 序号 | 登录号 | 条形码 | 馆藏地/架位号 | 状态 | 备注 |
| 1 | 1279418 | 212794181 | 第一样本阅览室/ [索取号:I247.82/1014] | 在馆 | |
| 2 | 1279419 | 212794190 | 教育系资料室/ [索取号:I247.82/1014] | 在馆 | |
| 3 | 1279420 | 212794207 | 教育系资料室/ [索取号:I247.82/1014] | 在馆 | |
| 4 | 1279421 | 212794216 | 第二借阅区/ [索取号:I247.82/1014] | 在馆 | |
| 5 | 1279422 | 212794225 | 第二借阅区/ [索取号:I247.82/1014] | 在馆 |